<?xml version="1.0" encoding="UTF-8"?>
<record
    xmlns:xsi="http://www.w3.org/2001/XMLSchema-instance"
    xsi:schemaLocation="http://www.loc.gov/MARC21/slim http://www.loc.gov/standards/marcxml/schema/MARC21slim.xsd"
    xmlns="http://www.loc.gov/MARC21/slim">

  <leader>01295    a2200193   4500</leader>
  <controlfield tag="003">Nust</controlfield>
  <controlfield tag="005">20221121172736.0</controlfield>
  <datafield tag="020" ind1=" " ind2=" ">
    <subfield code="a">070398402</subfield>
  </datafield>
  <datafield tag="040" ind1=" " ind2=" ">
    <subfield code="c">Nust</subfield>
  </datafield>
  <datafield tag="082" ind1=" " ind2=" ">
    <subfield code="a">621.381,MAL</subfield>
  </datafield>
  <datafield tag="100" ind1=" " ind2=" ">
    <subfield code="a">Malvion Albert Paul</subfield>
    <subfield code="9">103300</subfield>
  </datafield>
  <datafield tag="245" ind1=" " ind2=" ">
    <subfield code="a">Experiments for electronic principles /</subfield>
    <subfield code="c">Albert Paul Malvion &amp;  Gregory F Johnson</subfield>
  </datafield>
  <datafield tag="260" ind1=" " ind2=" ">
    <subfield code="a">McGraw-Hill Book Company</subfield>
    <subfield code="b">New York</subfield>
    <subfield code="c">1973</subfield>
  </datafield>
  <datafield tag="300" ind1=" " ind2=" ">
    <subfield code="a">229 p</subfield>
    <subfield code="b">illus</subfield>
    <subfield code="c">24 cm</subfield>
  </datafield>
  <datafield tag="505" ind1=" " ind2=" ">
    <subfield code="a">Current and Voltage Sources (Page-1), Thevenin&#x2019;s Theorem (Page-5), Semiconductor Theory (Page-9), PN Junction (Page-13), The Diode Curve(Page-17), Diode Approximations (Page-23), The Half Wave Rectifier (Page-27), Clippers and Peak Rectifiers (Page-33), Clamping Actions (Page-39), The CE Connection (Page-45), Collector Curves (Page-49) Base Bias (Page-53), Voltage Divider and Emitter Bias (Page-59), Collector Feedback Bias (Page-63), other Negative Feedback Circuits (Page-187), Gain Bandwidth Product (Page-193), The Wien Bridge Oscillator (Page-197), The LC Oscillator (Page-201), Harmonic Distortion (Page-205), The Frequency Mixer (Page-211), Amplitude Modulation (Page-217), The Envelope Detector (Page-221), Voltage Regulation (Page-225). </subfield>
  </datafield>
  <datafield tag="600" ind1=" " ind2=" ">
    <subfield code="a">Malvion Albert Paul</subfield>
    <subfield code="9">103300</subfield>
  </datafield>
  <datafield tag="650" ind1=" " ind2=" ">
    <subfield code="a">Telecommunication Engineering</subfield>
  </datafield>
  <datafield tag="942" ind1=" " ind2=" ">
    <subfield code="2">ddc</subfield>
    <subfield code="c">BK</subfield>
  </datafield>
  <datafield tag="999" ind1=" " ind2=" ">
    <subfield code="c">181333</subfield>
    <subfield code="d">181333</subfield>
  </datafield>
  <datafield tag="952" ind1=" " ind2=" ">
    <subfield code="0">0</subfield>
    <subfield code="1">0</subfield>
    <subfield code="2">ddc</subfield>
    <subfield code="4">0</subfield>
    <subfield code="7">0</subfield>
    <subfield code="a">MCS</subfield>
    <subfield code="b">MCS</subfield>
    <subfield code="c">GEN</subfield>
    <subfield code="d">2016-12-12</subfield>
    <subfield code="o">621.381,MAL</subfield>
    <subfield code="p">MCS5480</subfield>
    <subfield code="r">2016-12-08</subfield>
    <subfield code="w">2016-12-12</subfield>
    <subfield code="y">BK</subfield>
    <subfield code="z">Almirah No.31, Shelf No.4</subfield>
  </datafield>
</record>
